|
|
|
|
| LEADER |
01926nam a2200493 aa4500 |
| 001 |
cpk20051543573 |
| 003 |
CZ PrNK |
| 005 |
20180731133559.0 |
| 007 |
ta |
| 008 |
050513m20042008xr a g 000 f cze |
| 015 |
|
|
|a cnb001543573
|
| 020 |
|
|
|a 80-7193-171-3
|q (sv. 1 ;
|q brož.) :
|c Kč 239,00
|
| 020 |
|
|
|a 80-7193-185-3
|q (sv. 2 ;
|q brož.) :
|c Kč 259,00
|
| 020 |
|
|
|a 978-80-7193-246-8
|q (sv. 3 ;
|q brož.) :
|c Kč 265,00
|
| 035 |
|
|
|a (OCoLC)85145247
|
| 040 |
|
|
|a ABA001
|b cze
|
| 041 |
1 |
|
|a cze
|h pol
|
| 072 |
|
7 |
|a 821.162.1
|x Polská literatura
|2 Konspekt
|9 25
|
| 080 |
|
|
|a 821.162.1-31
|2 MRF
|
| 080 |
|
|
|a (0:82-312.9)
|2 MRF
|
| 100 |
1 |
|
|a Ziemiański, Andrzej,
|d 1960-
|7 xx0020283
|4 aut
|
| 245 |
1 |
0 |
|a Achája /
|c Andrzej Ziemiański ; [překlad Pavel Weigel]
|
| 250 |
|
|
|a Vyd. 1.
|
| 260 |
|
|
|a Plzeň :
|b Laser,
|c 2004-2008
|
| 300 |
|
|
|a 3 sv. :
|b il. ;
|c 20 cm
|
| 490 |
1 |
|
|a PoDíl SF/F ;
|v 10, 13, 19
|
| 490 |
1 |
|
|a Fantasy ;
|v sv. 71, 77, 92
|
| 500 |
|
|
|a Přeloženo z polštiny
|
| 505 |
0 |
|
|a [I.] 2004. 383 s. -- II. 2005. 365 s.-- III. 2008. 268 s.
|
| 655 |
|
7 |
|a polské romány
|7 fd133084
|2 czenas
|
| 655 |
|
7 |
|a fantasy romány
|7 fd184199
|2 czenas
|
| 655 |
|
9 |
|a Polish fiction
|2 eczenas
|
| 655 |
|
9 |
|a fantasy novels
|2 eczenas
|
| 765 |
0 |
|
|t Achaja
|9 Česky
|
| 830 |
|
0 |
|a PoDíl SF/F
|0 s
|
| 830 |
|
0 |
|a Fantasy (Laser)
|0 s
|
| 856 |
4 |
1 |
|u http://www.digitalniknihovna.cz/mzk/uuid/uuid:fea8aa30-77c4-11e5-99af-005056827e52
|y Digitalizovaný dokument
|x NDK
|
| 910 |
2 |
|
|a BOA001
|b 1-1137.552
|s 1-3
|t v
|
| 990 |
|
|
|a BK
|
| 995 |
|
|
|a 01
|
| 991 |
|
|
|b 200806
|
| 996 |
6 |
|
|b 2610222417
|c 1-1137.552
|d sv. 1
|v 1
|l MZK
|r Sklad / do 1 hodiny
|n 2
|p p.v.
|w 000722083
|u 000010
|a 1
|e BOA001
|j MZK50
|s P
|
| 996 |
6 |
|
|b 2610242362
|c 1-1137.552
|d sv. 2
|v 2
|l MZK
|r Sklad / do 1 hodiny
|n 0
|p p.v.
|w 000722083
|u 000020
|a 1
|e BOA001
|j MZK50
|s P
|
| 996 |
6 |
|
|b 2610344065
|c 1-1137.552
|d sv. 3
|v 3
|l MZK
|r Sklad / do 1 hodiny
|n 0
|p p.v.
|w 000722083
|u 000030
|a 1
|e BOA001
|j MZK50
|s P
|